| 000 | 01010nam a2200253Ia 4500 | ||
|---|---|---|---|
| 003 | IN-BaIIA | ||
| 008 | 211028s9999 xx 000 0 eng d | ||
| 020 | _a0-7923-1699-1 | ||
| 040 | _cIIA Library | ||
| 080 |
_a082.2:52 _bIAU-S149 |
||
| 111 |
_aSymposium of the International Astronomical Union _cBrazil _d1991 Aug. 5-9 _917651 |
||
| 245 | 4 |
_aThe stellar populations of galaxies _bproceedings of the 149th symposium of the International Astronomical Union, held in Angra Dos Reis, Brazil, August 5-9, 1991 _cedited by B. Barbuy and A. Renzini |
|
| 260 |
_aDordrecht _bKluwer Academic _c1992 |
||
| 300 | _axxii, 521p. | ||
| 490 | _aIAU Symposium; no 149 | ||
| 650 |
_aActive Galactic Nuclei _96209 |
||
| 650 |
_aActive Galaxies _91285 |
||
| 650 | _aAstronomy and Astrophysics Thesaurus | ||
| 650 |
_aGalaxies _91286 |
||
| 700 |
_aBarbuy, B., ed. _917652 |
||
| 700 |
_aRenzini, A., ed. _917653 |
||
| 710 | _aInternational Astronomical Union | ||
| 942 | _cBK | ||
| 999 |
_c10384 _d10384 |
||